000 00585nam a22001937a 4500
005 20221018050814.0
008 221018b |||||||| |||| 00| 0 eng d
020 _a978-1-133-61231-5
082 _a629.287 Er68 2015
100 _aErjavec, Jack
_eauthor
245 _aAutomotive technology:
_ba systems approach /
_cJack Erjavec, Rob Thompson
250 _a6th ed.
260 _aClifton Park, NY:
_bDelmar,
_cc2015.
300 _axvi, 1712p.:
_bcol. ill.
500 _aIncludes index
541 _e5467
650 _aAutomobiles - Maintenance and repair
700 _aThompson, Rob
_eauthor
999 _c63
_d63